Rozhovor o faktech a nepravém češství

Bibliographic Details
Other Authors: Neff, Ondřej, 1945- (Interviewer)
Format: Article
Language:Czech
Subjects:

MARC

LEADER 00000nab a2200000uu 4500
001 vtls011506911
003 SK-MaSNL
005 20260303181936.0
008 211119|1978 xo |||||||||||||||||cze|
015 |a SNBRB 
035 |a (urnnbn)urn:nbn:sk:snk:ar-a0awbp 
035 |a (uuid)8a0c3a84-2ba5-45e5-9072-c49fd444ee20 
035 |a urn:nbn:sk:snk-abdzzi 
040 |a SNKBUCL  |b slo  |c SNKBUCL  |e AACR2 
041 0 |a cze 
044 |a xo  |c SK 
100 1 |a Neff, Ondřej,  |d 1945-  |4 ivr  |9 228482 
245 1 0 |a Rozhovor o faktech a nepravém češství  |c Ondřej Neff, Vladimír Kovářík 
600 1 7 |a Kovářík, Vladimír,  |d 1913-1982  |2 SNKMA  |9 226029 
655 7 |a rozhovory  |2 SNKPH  |9 31831 
700 1 |a Kovářík, Vladimír,  |d 1913-1982  |4 ive  |9 226029 
773 0 |t Zlatý máj : kritická revue tvorby pro mládež  |g Roč. 22, č. 8 (1978), s. 519-522 
958 |a OND 
958 |a article20 
999 |c 2114656  |d 2116586